Normal view
MARC view
- Chew, Al H
Entry Personal Name
001 - CONTROL NUMBER
- control field: 102012
003 - CONTROL NUMBER IDENTIFIER
- control field: NUST
005 - DATE AND TIME OF LATEST TRANSACTION
- control field: 20221031134539.0
008 - FIXED-LENGTH DATA ELEMENTS
- fixed length control field: 221031|| aca||aabn | a|a d
040 ## - CATALOGING SOURCE
- Original cataloging agency: NUST
- Transcribing agency: NUST
100 ## - HEADING--PERSONAL NAME
- Personal name: Chew, Al H
670 ## - SOURCE DATA FOUND
- Source citation: Work cat.: (NUST)179839: Chew, Al H., Technical mathematics /, c1976.
